00327nam a2200145Ia 4500008004100000020001800041041000800059082001500067100001500082245002100097260002400118300000800142365001600150700001500166230718s9999 xx 000 0 und d a9789351033134 aeng a813.6bDAS aDashner J. aThe Maze Runner  c2014bChicken House a371 cRs.b337.50 aDashner J.